|
|
|
|
| LEADER |
00929nam a2200229 a 4500 |
| 001 |
146551 |
| 008 |
090330s1999 nyu 000 0 eng d |
| 010 |
|
|
|a 98073387
|
| 020 |
|
|
|a 0764109006 (pbk.)
|
| 040 |
|
|
|a DLC
|c DLC
|
| 082 |
0 |
0 |
|a 423/.1
|2 21
|
| 100 |
1 |
|
|a Cypres, Linda.
|
| 245 |
1 |
0 |
|a Let's speak business English :
|b a practical guide for the speaker for a foreign language /
|c Linda Cypres.
|
| 260 |
|
|
|a Hauppauge, NY :
|b Barron's Educational Series,
|c 1999.
|
| 300 |
|
|
|a viii,312p.;
|c 21cm.
|
| 541 |
1 |
|
|e 00014887
|
| 650 |
|
0 |
|a English language
|x Pronunciation
|
| 650 |
|
0 |
|a English language
|x Pronunciationby foreign speakers
|
| 650 |
|
0 |
|a English language
|x Business
|
| 852 |
4 |
|
|a Ayesha Abed Library
|j General shelf
|
| 999 |
|
|
|c 8072
|d 8072
|
| 952 |
|
|
|0 0
|1 4
|2 ddc
|4 0
|6 423_100000000000000_CYP
|7 0
|9 9180
|a BRACUL
|b BRACUL
|c GEN
|d 2010-04-12
|l 1
|m 6
|o 423.1 CYP
|p 3010014887
|r 2010-05-09
|s 2010-05-02
|t 1
|w 2010-04-12
|y BK
|x Koha Inventory 2020
|